Management: (Record no. 11397)

MARC details
000 -LEADER
fixed length control field 00601nam a22002057a 4500
005 - DATE AND TIME OF LATEST TRANSACTION
control field 20220926092706.0
008 - FIXED-LENGTH DATA ELEMENTS--GENERAL INFORMATION
fixed length control field 220926b ||||| |||| 00| 0 eng d
020 ## - INTERNATIONAL STANDARD BOOK NUMBER
International Standard Book Number 9789390104918
040 ## - CATALOGING SOURCE
Original cataloging agency IN-DiNC
Transcribing agency IN-DiNC
041 ## - LANGUAGE CODE
Language code of sung or spoken text English
082 ## - DEWEY DECIMAL CLASSIFICATION NUMBER
Classification number 658
Item number SHA
100 ## - MAIN ENTRY--PERSONAL NAME
Personal name Sharma, RK
Relator term Author
245 ## - TITLE STATEMENT
Title Management:
Remainder of title principles and application/
Statement of responsibility, etc. by RK Sharma, Shashi K Gupta and Rahul Sharma
260 ## - PUBLICATION, DISTRIBUTION, ETC.
Place of publication, distribution, etc. Ludhiana:
Name of publisher, distributor, etc. Kalyani publishers,
Date of publication, distribution, etc. 2022.
300 ## - PHYSICAL DESCRIPTION
Extent 19.9p.
650 ## - SUBJECT ADDED ENTRY--TOPICAL TERM
Topical term or geographic name entry element Concept of Management
700 ## - ADDED ENTRY--PERSONAL NAME
Personal name Gupta, Shashi K
Relator term Author
700 ## - ADDED ENTRY--PERSONAL NAME
Personal name Sharma, Rahul
Relator term Author
942 ## - ADDED ENTRY ELEMENTS (KOHA)
Source of classification or shelving scheme Dewey Decimal Classification
Koha item type Books
Holdings
Withdrawn status Lost status Source of classification or shelving scheme Damaged status Not for loan Collection code Home library Current library Shelving location Date acquired Cost, normal purchase price Total Checkouts Full call number Barcode Date last seen Date last checked out Copy number Price effective from Koha item type
    Dewey Decimal Classification     Commerce Naharkatiya College Central Library Naharkatiya College Central Library General Stacks 26/09/2022 325.00 8 658 SHA 29135 20/12/2023 06/11/2023 1 26/09/2022 Books
    Dewey Decimal Classification     Commerce Naharkatiya College Central Library Naharkatiya College Central Library General Stacks 26/09/2022 325.00 5 658 SHA 29136 12/12/2022 07/12/2022 2 26/09/2022 Books

Naharkatiya College © 2020. All rights reserved.

Powered By